Obálka Náhled e-knihy:
Epub
Pro půjčování e-knih musíte být přihlášeni.
Jak si půjčit online?

Klapzubova jedenáctka /

Klapzubova jedenáctka (s podtitulem Povídka pro kluky malé i velké) je humoristický román českého spisovatele Eduarda Basse ze sportovního prostředí. Poprvé vyšel v roce 1922 v nakladatelství Františka Borového. Hlavními postavami jsou členové rodiny Klapzubů z Dolních Bukviček u Kouřimě, kteří tvoř...

Celý popis

Uloženo v:
Hlavní autor: Bass, Eduard (Autor)
Médium: E-kniha
Jazyk:Czech
Vydáno: Praha : Artis, 2023
Tagy:
Žádné tagy
LEADER 01619nam a22002297i 4500
001 311888
007 ta
008 260601s2023 xr ||||| |||| 00| 0 cze d
020 |a 9990003716736 
044 |a xr 
100 1 |a  Bass, Eduard  |4 aut 
245 1 0 |a Klapzubova jedenáctka /  |c  Bass, Eduard 
264 1 |a Praha :  |b Artis,  |c 2023 
300 |a 1 online zdroj (78 stran) 
336 |a text  |b txt  |2 rdacontent 
337 |a bez média  |b n  |2 rdamedia 
338 |a online zdroj  |b cr  |2 rdacarrier 
520 2 |a Klapzubova jedenáctka (s podtitulem Povídka pro kluky malé i velké) je humoristický román českého spisovatele Eduarda Basse ze sportovního prostředí. Poprvé vyšel v roce 1922 v nakladatelství Františka Borového. Hlavními postavami jsou členové rodiny Klapzubů z Dolních Bukviček u Kouřimě, kteří tvoří kompletní fotbalový tým SK Klapzubovu jedenáctku.Kniha má dvacet kapitol a začíná tím, jak chudý chalupník Klapzuba učí svých jedenáct synů hrát fotbal. Díky přísným tréninkům se dostanou takřka hned do první třídy a stanou se mistry v Čechách s celkovým skóre 122 : 0, když v semifinále porazí Spartu 6 : 0 a ve finále Slavii 5 : 0. Poté jedou dobývat Evropu... 
910 |a RBIT002 
998 |d 371673  |a https://core.palmknihy.cz/api/books/371673/cover?rs8k31  |b https://core.palmknihy.cz/api/books/371673/cover/400?rs8k31  |c https://core.palmknihy.cz/api/books/371673/cover/50?rs8k31  |e 2099-12-01  |g 78  |i 9990003716736  |j https://core.palmknihy.cz/api/books/371673/preview.epub  |l   |q 49  |r 1  |s https://www.palmknihy.cz/kniha/371673  |t ebook  |y 2023  |z 1 
999 |d 311886